Welcome to CU Library Online Public Access Catalogue (OPAC)

THE IVP BIBLE BACKGROUND COMMENTARY NEW TESTAMENT (Record no. 6806)

MARC details
000 -LEADER
fixed length control field 00413nam a22001577a 4500
005 - DATE AND TIME OF LATEST TRANSACTION
control field 20250701150844.0
008 - FIXED-LENGTH DATA ELEMENTS--GENERAL INFORMATION
fixed length control field 250701b |||||||| |||| 00| 0 eng d
020 ## - INTERNATIONAL STANDARD BOOK NUMBER
International Standard Book Number 9780830824786
050 ## - LIBRARY OF CONGRESS CALL NUMBER
Classification number BS2341
Item number .2,K445 KEE
100 ## - MAIN ENTRY--PERSONAL NAME
Personal name KEENER CRAIG S.
245 ## - TITLE STATEMENT
Title THE IVP BIBLE BACKGROUND COMMENTARY NEW TESTAMENT
250 ## - EDITION STATEMENT
Edition statement 2ND
260 ## - PUBLICATION, DISTRIBUTION, ETC.
Place of publication, distribution, etc. ILLINOIS
Name of publisher, distributor, etc. IVP ACADEMIC
Date of publication, distribution, etc. c2014
300 ## - PHYSICAL DESCRIPTION
Extent 816p
942 ## - ADDED ENTRY ELEMENTS (KOHA)
Source of classification or shelving scheme Library of Congress Classification
Koha item type Books
Suppress in OPAC No
999 ## -
-- 6806
-- 6806
Holdings
Withdrawn status Lost status Source of classification or shelving scheme Damaged status Not for loan Collection Home library Current library Shelving location Date acquired Total checkouts Full call number Barcode Date last seen Copy number Price effective from Koha item type
    Library of Congress Classification     Non-fiction Business Library (Miotso) Business Library (Miotso) General stacks 03/04/2026   BS2341.2.K445 KEE BSSM00002416 03/04/2026 1 03/04/2026 Books
    Library of Congress Classification     Non-fiction Undergraduate Library (Christ Temple) Undergraduate Library (Christ Temple) General stacks 07/01/2025   BS2341.2.K445 KEE ulct00003654 07/01/2025 1 06/09/2025 Books
© 2023-2024 Copyright: Central University Libraries. All Rights Reserved | Created by: Mahone Tech Office